| 000 | 00419nam a2200157Ia 4500 | ||
|---|---|---|---|
| 003 | SGT | ||
| 020 | _a9789350060360 | ||
| 082 |
_a530 _bSIN |
||
| 100 | _aSingh,S.P | ||
| 245 | _aAdvance pratical physics | ||
| 260 |
_bPragati Prakashan _aN.Delhi _c2010 |
||
| 300 | _a464p. | ||
| 650 | _aPHYSICS | ||
| 653 | _aINTRODUCTION TO THREE ELECTRODE SEMICONDUCTING DEVICES, LINEAR AND INTEGRATED CIRCUITS (ICs) | ||
| 942 |
_2ddc _cBK |
||
| 999 |
_c5716 _d5716 |
||